000 00722nam a2200265Ia 4500
005 20260121142431.0
008 008 260114s9999 xx 000 0 eng d
020 _a9789390368419
037 _aEBOOK
040 _aCRL
040 _beng
040 _cCRL
041 _2eng
041 _aeng
084 _qCRL
100 _aAsok Kumar Sarkar, Prasanta Kumar Ghosh
_9996442
245 0 _aWelfare of Disadvantaged Exploring Community Development Approach
260 _bConcept Publishing Company Pvt. Ltd.
260 _bToday and Tomorrow
260 _c2018
856 _uhttps://asapglobe.com/Search.aspx?q=9789386682215&type=keyword
942 _cEBOOK
999 _c1563651
_d1563651